Aranceles aduaneros de la Corona de Aragón (Record no. 183926)

MARC details
000 -LEADER
campo de control de longitud fija 00859nam a2200241 i 4500
001 - NÚMERO DE CONTROL
campo de control 183926
003 - IDENTIFICADOR DE NÚMERO DE CONTROL
campo de control ES-MaACL
005 - FECHA Y HORA DE LA ÚLTIMA TRANSACCIÓN
campo de control 20230906222013.0
008 - DATOS DE LONGITUD FIJA--INFORMACIÓN GENERAL
campo de control de longitud fija 141201s1966 sp |||| | spa d
080 ## - NÚMERO DE LA CLASIFICACIÓN DECIMAL UNIVERSAL
Número de la Clasificación Decimal Universal 337(460.22)"12"(093.2)
080 ## - NÚMERO DE LA CLASIFICACIÓN DECIMAL UNIVERSAL
Número de la Clasificación Decimal Universal 382.1(460.22)"12"(093.2)
245 00 - MENCIÓN DEL TÍTULO
Título Aranceles aduaneros de la Corona de Aragón
Resto del título : (siglo XIII) /
Mención de responsabilidad, etc. por Mª. Dolores Sendra Cendra.
260 ## - PUBLICACIÓN, DISTRIBUCIÓN, ETC.
Lugar de publicación, distribución, etc. Valencia :
Nombre del editor, distribuidor, etc. Anubar,
Fecha de publicación, distribución, etc. 1966.
300 ## - DESCRIPCIÓN FÍSICA
Extensión 126 p. ;
Dimensiones 22 cm.
490 1# - MENCIÓN DE SERIE
Mención de serie Textos medievales ;
Designación de volumen o secuencia 18
500 ## - NOTA GENERAL
Nota general Índices.
650 #7 - PUNTO DE ACCESO ADICIONAL DE MATERIA--TÉRMINO DE MATERIA
Término de materia o nombre geográfico como elemento de entrada Impuestos-
Subdivisión geográfica Aragón (Reino)-
Subdivisión general Historia-
Subdivisión de forma Fuentes.
9 (RLIN) 155990
651 #7 - PUNTO DE ACCESO ADICIONAL DE MATERIA--NOMBRE GEOGRÁFICO
Nombre geográfico Aragón (Reino)-
Subdivisión general Política comercial-
Subdivisión de forma Historia-
-- Fuentes.
9 (RLIN) 155991
700 1# - ENTRADA AGREGADA--NOMBRE PERSONAL
Nombre de persona Sendra Cendra, María Dolores.
9 (RLIN) 155992
830 0# - PUNTO DE ACCESO ADICIONAL DE SERIE-TÍTULO UNIFORME
Título uniforme Textos medievales ;
Designación de volumen o secuencia 18
9 (RLIN) 179970
852 ## - LOCALIZACIÓN
Ubicación ES-MaACL
Número de control de estantería E-15434
Nota libre - enc. tela
Holdings
Estatus retirado Estado de pérdida Estado de daño No para préstamo Biblioteca de origen Biblioteca actual Ubicación en estantería Fecha de adquisición Fuente de adquisición Total de préstamos Signatura topográfica completa Código de barras Visto por última vez Precio de reemplazo Tipo de ítem Koha
        Biblioteca del Ateneo de Madrid Biblioteca del Ateneo de Madrid Depósito 2 01/12/2014     E-15434 1193402 23/02/2023 23/02/2023 Libro impreso